Southville International School and Colleges
Your cart is empty.
  • Cart
  • Lists
    Public lists Eva Luna New books Lux_list list_1
    Your lists Log in to create your own lists
  • Log in to your account
  • Your cookies
  • Search history
Southville International School and Colleges
  • Advanced search
  • Recent comments
  • Most popular
  • Libraries

Log in to your account

Log in with GOOGLE


If you do not have an external account, but do have a local account, you can still log in:

  1. Home
  2. MARC view: Ethics and the Filipino:
Normal view MARC view ISBD view

Ethics and the Filipino: (Record no. 17386)

[ view plain ]
MARC details
000 -LEADER
fixed length control field 00644nam a22002177a 4500
003 - CONTROL NUMBER IDENTIFIER
control field PILC
005 - DATE AND TIME OF LATEST TRANSACTION
control field 20151008145628.0
008 - FIXED-LENGTH DATA ELEMENTS--GENERAL INFORMATION
fixed length control field 130129t xxu||||| |||| 00| 0 eng d
020 ## - INTERNATIONAL STANDARD BOOK NUMBER
International Standard Book Number 9710848844
050 ## - LIBRARY OF CONGRESS CALL NUMBER
Classification number BJ 1025
Item number .Ag25 1991
082 ## - DEWEY DECIMAL CLASSIFICATION NUMBER
Classification number FIL 170.8
Item number Ag1 1991
100 ## - MAIN ENTRY--PERSONAL NAME
Personal name Agapay, Ramon B.
245 ## - TITLE STATEMENT
Title Ethics and the Filipino:
Remainder of title a manual on morals for students and educators /
Statement of responsibility, etc Ramon B. Agapay.
260 ## - PUBLICATION, DISTRIBUTION, ETC. (IMPRINT)
Place of publication, distribution, etc Metro Manila :
Name of publisher, distributor, etc National Book Store,
Date of publication, distribution, etc 1991.
300 ## - PHYSICAL DESCRIPTION
Extent 234 pages ;
Dimensions 22 cm.
500 ## - GENERAL NOTE
General note Includes bibliographical references.
526 ## - STUDY PROGRAM INFORMATION NOTE
Reading level 1210L-1700L
562 ## - COPY AND VERSION IDENTIFICATION NOTE
Number of copies 1
942 ## - ADDED ENTRY ELEMENTS (KOHA)
Source of classification or shelving scheme Library of Congress Classification
Koha item type Books
Call number prefix Filipininana
Holdings
Withdrawn status Lost status Source of classification or shelving scheme Damaged status Home library Current library Shelving location Date acquired Total Checkouts Full call number Barcode Date last seen Copy number Price effective from Koha item type Source of acquisition Sub Shelving location Total Renewals Date checked out
    Library of Congress Classification   College Library College Library Filipiniana Section 04/11/2013   BJ1025.Ag25 1991 c0516 05/08/2018 1 11/14/2013 Books        
    Library of Congress Classification   College Library College Library Filipiniana Section 10/08/2015 1 BJ 1025 .Ag25 1991 C20160 06/11/2020   10/08/2015 Books Donation   1 03/09/2020

Ethics and the Filipino:

APA

Agapay R. B., . (1991). Ethics and the Filipino. Metro Manila: National Book Store.

Chicago

Agapay Ramon B, . 1991. Ethics and the Filipino. Metro Manila: National Book Store.

Harvard

Agapay R. B., . (1991). Ethics and the Filipino. Metro Manila: National Book Store.

MLA

Agapay Ramon B, . Ethics and the Filipino. Metro Manila: National Book Store. 1991.

  • Place hold
  • Print
  • Cite
  • Add to your cart (remove)
  • Save record
    BIBTEX Dublin Core MARCXML MARC (non-Unicode/MARC-8) MARC (Unicode/UTF-8) MARC (Unicode/UTF-8, Standard) MODS (XML) RIS
  • More searches
    Search for this title in:
    Other Libraries (WorldCat) Other Databases (Google Scholar) Online Stores (Bookfinder.com) Open Library (openlibrary.org)

Exporting to Dublin Core...

SOUTHVILLE LIBRARY

Southville International School and Colleges Library

1281 Tropical Ave. Cor. Luxembourg St., BF Homes International, Las Pinas City

Tel. No. 8256374 / 252358 Loc. 117/146

Powered by Koha